| 000 | 00685nam a2200181Ia 4500 | ||
|---|---|---|---|
| 008 | 220216s9999 xx 000 0 und d | ||
| 100 | _aChandrashekar T.R. | ||
| 245 | 0 | _aShortening breeding cycle in Hevea brasiliensis: Imperative evidences from clone trials | |
| 260 |
_bIn: Preprints of Papers. International Natural Rubber Conference, India 2005, 6-8 November 2005, Rubber Research Institute of India, Kottayam, Kerala, India, pp. 18-26. _c2005 |
||
| 650 | _aBreeding cycle | ||
| 650 | _aClone evaluation | ||
| 650 | _aCorrelation | ||
| 700 | _aMarattukalam J.G. | ||
| 700 | _aMercykutty V.C. | ||
| 700 | _aPriyadarshan P.M. | ||
| 700 | _aSaraswathyamma C.K. | ||
| 942 | _cBS | ||
| 999 |
_c52364 _d52364 |
||